<?xml version="1.0" encoding="UTF-8"?>
<record
    xmlns:xsi="http://www.w3.org/2001/XMLSchema-instance"
    xsi:schemaLocation="http://www.loc.gov/MARC21/slim http://www.loc.gov/standards/marcxml/schema/MARC21slim.xsd"
    xmlns="http://www.loc.gov/MARC21/slim">

  <leader>02571cam a22004215i 4500</leader>
  <controlfield tag="001">24163968</controlfield>
  <controlfield tag="005">20250523065018.0</controlfield>
  <controlfield tag="008">250421t20192019enka   e      000 j eng d</controlfield>
  <datafield tag="010" ind1=" " ind2=" ">
    <subfield code="a">  2025398293</subfield>
  </datafield>
  <datafield tag="020" ind1=" " ind2=" ">
    <subfield code="a">9781529302929</subfield>
  </datafield>
  <datafield tag="035" ind1=" " ind2=" ">
    <subfield code="a">(OCoLC)on1142508510</subfield>
  </datafield>
  <datafield tag="040" ind1=" " ind2=" ">
    <subfield code="c">tbs</subfield>
  </datafield>
  <datafield tag="041" ind1="0" ind2=" ">
    <subfield code="a">tur</subfield>
    <subfield code="a">eng</subfield>
  </datafield>
  <datafield tag="100" ind1=" " ind2=" ">
    <subfield code="a">Richards, Olly</subfield>
    <subfield code="e">author</subfield>
    <subfield code="9">12403</subfield>
  </datafield>
  <datafield tag="245" ind1="1" ind2="0">
    <subfield code="a">Short stories in Turkish</subfield>
    <subfield code="b">: read for pleasure at your level and learn Turkish the fun way!</subfield>
    <subfield code="c">/ Olly Richards ; series editor Rebecca Moeller ; development editor H. Inci Abrook.</subfield>
  </datafield>
  <datafield tag="246" ind1="1" ind2=" ">
    <subfield code="i">At head of title:</subfield>
    <subfield code="a">Teach yourself</subfield>
  </datafield>
  <datafield tag="246" ind1="1" ind2="4">
    <subfield code="a">Short stories in Turkish for beginners</subfield>
  </datafield>
  <datafield tag="260" ind1=" " ind2=" ">
    <subfield code="a">London :</subfield>
    <subfield code="b">John Murray Learning,</subfield>
    <subfield code="c">2019.</subfield>
  </datafield>
  <datafield tag="300" ind1=" " ind2=" ">
    <subfield code="a">xiv, 208 pages :</subfield>
    <subfield code="b">illustrations ;</subfield>
    <subfield code="c">20 cm</subfield>
  </datafield>
  <datafield tag="490" ind1=" " ind2=" ">
    <subfield code="a">Foreign language graded reader series</subfield>
  </datafield>
  <datafield tag="490" ind1=" " ind2=" ">
    <subfield code="a">Teach yourself</subfield>
  </datafield>
  <datafield tag="505" ind1="0" ind2=" ">
    <subfield code="a">How to read effectively &#x2014; The six-step reading process &#x2014; &#xC7;ilgin D&#xF6;ner &#x2014; Ola&#x11F;an Di&#x15F;i Bir Gezi &#x2014; &#x15E;&#xF6;valye &#x2014; Saat &#x2014; Sandik &#x2014; Bilinmeyen &#xDC;lke &#x2014; Gorunmez Kadin Leman &#x2014; Kaps&#xFC;l &#x2014; Answer key &#x2014; Turkish-English glossary.</subfield>
  </datafield>
  <datafield tag="505" ind1="0" ind2=" ">
    <subfield code="a">Mapped to A2-B1 on the Common European Framework of Reference &#x2014; A glossary for bolded words in each text &#x2014; A bilingual word list &#x2014; Full plot summary &#x2014; Comprehension questions after each chapter.</subfield>
  </datafield>
  <datafield tag="520" ind1=" " ind2=" ">
    <subfield code="a">Short Stories in Turkish for Beginners is designed for A2-B1 learners, offering eight engaging stories across genres like science fiction, crime, and history to make learning Turkish fun and rewarding. The book uses controlled language, authentic dialogues, and accessible grammar to build vocabulary and speaking skills with confidence. Helpful features&#x2014;such as glossaries, bilingual word lists, plot summaries, and comprehension questions&#x2014;support natural, stress-free learning. It&#x2019;s a motivating resource that makes reading in Turkish enjoyable, without feeling overwhelmed.</subfield>
  </datafield>
  <datafield tag="546" ind1=" " ind2=" ">
    <subfield code="a">In Turkish and English.</subfield>
  </datafield>
  <datafield tag="650" ind1=" " ind2="0">
    <subfield code="a">Turkish language</subfield>
    <subfield code="v">Readers</subfield>
    <subfield code="9">25314</subfield>
  </datafield>
  <datafield tag="650" ind1=" " ind2="0">
    <subfield code="a">Short stories, Turkish</subfield>
    <subfield code="9">25315</subfield>
  </datafield>
  <datafield tag="650" ind1=" " ind2="0">
    <subfield code="a">Turkish language</subfield>
    <subfield code="v">Textbooks for foreign speakers</subfield>
    <subfield code="x">English</subfield>
    <subfield code="9">25316</subfield>
  </datafield>
  <datafield tag="650" ind1=" " ind2="0">
    <subfield code="a">Turkish language</subfield>
    <subfield code="v">Self-instruction</subfield>
    <subfield code="9">25317</subfield>
  </datafield>
  <datafield tag="650" ind1=" " ind2="0">
    <subfield code="a">Reading comprehension</subfield>
    <subfield code="v">Problems, exercises, etc.</subfield>
    <subfield code="9">25107</subfield>
  </datafield>
  <datafield tag="655" ind1=" " ind2="0">
    <subfield code="a">Short stories</subfield>
    <subfield code="9">22375</subfield>
  </datafield>
  <datafield tag="655" ind1=" " ind2="0">
    <subfield code="a">Readers (Publications)</subfield>
    <subfield code="9">25108</subfield>
  </datafield>
  <datafield tag="655" ind1=" " ind2="0">
    <subfield code="a">Self-instructional works</subfield>
    <subfield code="9">25331</subfield>
  </datafield>
  <datafield tag="655" ind1=" " ind2="0">
    <subfield code="a">Instructional and educational works</subfield>
    <subfield code="9">23270</subfield>
  </datafield>
  <datafield tag="700" ind1=" " ind2=" ">
    <subfield code="a">Moeller, Rebecca Klevberg</subfield>
    <subfield code="e">editor</subfield>
    <subfield code="9">25299</subfield>
  </datafield>
  <datafield tag="700" ind1=" " ind2=" ">
    <subfield code="a">Abrook, H. Inci</subfield>
    <subfield code="e">editor</subfield>
    <subfield code="9">25318</subfield>
  </datafield>
  <datafield tag="942" ind1=" " ind2=" ">
    <subfield code="2">lcc</subfield>
  </datafield>
  <datafield tag="952" ind1=" " ind2=" ">
    <subfield code="0">0</subfield>
    <subfield code="1">0</subfield>
    <subfield code="2">lcc</subfield>
    <subfield code="4">0</subfield>
    <subfield code="7">0</subfield>
    <subfield code="a">TBS</subfield>
    <subfield code="b">TBS</subfield>
    <subfield code="d">2025-05-22</subfield>
    <subfield code="l">0</subfield>
    <subfield code="o">READER-TR RIC</subfield>
    <subfield code="p">B05865</subfield>
    <subfield code="r">2025-05-22</subfield>
    <subfield code="t">1</subfield>
    <subfield code="w">2025-05-22</subfield>
    <subfield code="y">TURKISH</subfield>
  </datafield>
  <datafield tag="999" ind1=" " ind2=" ">
    <subfield code="c">4697</subfield>
    <subfield code="d">4697</subfield>
  </datafield>
</record>
